Pablo y Virginia : (Record no. 194877)

MARC details
000 -LEADER
campo de control de longitud fija 01450nam a2200373 i 4500
001 - NÚMERO DE CONTROL
campo de control 194877
003 - IDENTIFICADOR DE NÚMERO DE CONTROL
campo de control SpMaBN
005 - FECHA Y HORA DE LA ÚLTIMA TRANSACCIÓN
campo de control 20250716034715.0
007 - CAMPO FIJO DE DESCRIPCIÓN FÍSICA--INFORMACIÓN GENERAL
campo de control de longitud fija ta
008 - DATOS DE LONGITUD FIJA--INFORMACIÓN GENERAL
campo de control de longitud fija 100315s1929 sp | |||| 000 f spa
035 ## - NÚMERO DE CONTROL DEL SISTEMA
Número de control de sistema (OCoLC)733882697
035 ## - NÚMERO DE CONTROL DEL SISTEMA
Número de control de sistema a4703245
040 ## - FUENTE DE CATALOGACIÓN
Centro catalogador/agencia de origen SpMaBN
Lengua de catalogación spa
Centro/agencia transcriptor SpMaBN
Normas de descripción rdc
Centro/agencia modificador ES-MaACL
080 ## - NÚMERO DE LA CLASIFICACIÓN DECIMAL UNIVERSAL
Número de la Clasificación Decimal Universal 821.133.1-31"17"
100 1# - ENTRADA PRINCIPAL--NOMBRE DE PERSONA
Nombre de persona Bernardin de Saint-Pierre, Henri,
Fechas asociadas al nombre 1737-1814
Número de control del registro de autoridad o número normalizado XX990697
9 (RLIN) 28279
245 10 - MENCIÓN DEL TÍTULO
Título Pablo y Virginia :
Resto del título (novela completa) /
Mención de responsabilidad, etc. por B. de Saint-Pierre.
260 ## - PUBLICACIÓN, DISTRIBUCIÓN, ETC.
Lugar de publicación, distribución, etc. Madrid :
Nombre del editor, distribuidor, etc. Revista Literaria "Novelas y cuentos",
Fecha de publicación, distribución, etc. 1929.
300 ## - DESCRIPCIÓN FÍSICA
Extensión 23 p. ;
Dimensiones 29 cm
336 ## - TIPO DE CONTENIDO
Fuente rdacontent
Término de tipo de contenido texto
337 ## - TIPO DE MEDIO
Fuente rdamedia
Nombre/término del tipo de medio sin mediación
338 ## - TIPO DE SOPORTE
Fuente rdacarrier
Nombre/término del tipo de soporte volumen
490 1# - MENCIÓN DE SERIE
Mención de serie Revista literaria "Novelas y cuentos" ;
Designación de volumen o secuencia año 1, n. 50
500 ## - NOTA GENERAL
Nota general Traducción de: Paul et Virginie
594 ## - NOTA AL TITULO Y MENCION DE RESPONSABILIDAD
Nota al título y mención de responsabilidad Título original: Paul et Virginie
655 #7 - TERMINO DE INDIZACIÓN--GENERO/FORMA
Fuente del término tgfbne
9 (RLIN) 234959
Datos o término principal de género/forma Novelas cortas
773 ## - ASIENTO DE ITEM FUENTE
Número bibliográfico anfitrión 194867
Número de ítem anfitrión 202503
Parte(s) relacionada(s) G-15982
Encabezamiento principal Obras encuadernadas juntas
830 #0 - PUNTO DE ACCESO ADICIONAL DE SERIE-TÍTULO UNIFORME
Título uniforme Revista literaria "Novelas y cuentos"
Designación de volumen o secuencia año 1, n. 50
9 (RLIN) 236217
852 ## - LOCALIZACIÓN
Ubicación ES-MaACL
Ubicación en estantería Depósito 2
Número de control de estantería G-15982(3)
Donativo/Legado Legado: Juan Antonio Porto
Encuadernación Encuadernado con otras obras formando un volumen facticio.
itemnumber 202503
903 ## - NOMBRE PERSONAL DE DONANTE
9 93285
a Porto, Juan Antonio,
q 1
d 1937-2021
e Donante
942 ## - ELEMENTOS DE ENTRADA SECUNDARIOS (KOHA)
Suprimir en OPAC No
Tipo de ítem Koha Folleto

No items available.